| 000 | 00633nam a22002177a 4500 | ||
|---|---|---|---|
| 003 | BUBTL | ||
| 008 | 231122b ||||| |||| 00| 0 eng d | ||
| 020 | _a7009705980 | ||
| 040 | _aeng | ||
| 082 | _a813.3/ P7522t | ||
| 100 |
_aPoe, Edgar Allan _95594 |
||
| 245 |
_aTales of Mystery and Terror/ _cEdgar Allan Poe |
||
| 250 | _a1st ed. | ||
| 260 |
_aNew York : _bBaronet Books, |
||
| 300 |
_a238 p. : _bill. ; _c20 cm. |
||
| 505 | _aTales of Mystery and Terror, Edgar Allan Poe, English Literature | ||
| 650 | 0 |
_91994 _aEnglish Literature |
|
| 856 |
_k0 _l0 _yDownload |
||
| 942 |
_2ddc _cBK |
||
| 999 |
_c7156 _d7156 |
||